| 000 | 00325nam a22001217a 4500 | ||
|---|---|---|---|
| 082 | _a669 BAR'S | ||
| 100 |
_aBARRETT, C. S,MASSALSKI, T. B _978660 |
||
| 245 | _aSTRUCTURE OF METALS CRYSTALLOGRAPHY METHODS PRINCIPLES AND DATA | ||
| 250 | _a3RD | ||
| 260 |
_aNEWYORK _bMCGRAW HILL _c1966 |
||
| 300 | _aXVII, 654P | ||
| 942 | _cBK | ||
| 999 |
_c583770 _d583770 |
||